| 000 | 00705cam a22002294a 4500 | ||
|---|---|---|---|
| 999 |
_c2532 _d2532 |
||
| 001 | 2863 | ||
| 003 | BD-DhUAP | ||
| 005 | 20210130132039.0 | ||
| 008 | 110419s2003 nyua 001 0beng c | ||
| 020 | _a8481850217 | ||
| 020 | _a9788481850215 | ||
| 040 |
_aBD-DhUAP _cBD-DhUAP _dBD-DhUAP _bEng |
||
| 082 |
_a711.4 CER _223 |
||
| 100 | _aCerver, Francisco Asensio. | ||
| 245 |
_aArco colour : _bUrban architecture / _cFrancisco Asensio Cerver. |
||
| 260 |
_aNew York : _bArco Editorial, _c1996. |
||
| 300 |
_a159 pages : _bill. ; _c32 cm. |
||
| 504 | _aIncludes bibliographical references and index. | ||
| 650 | _aCity planning. | ||
| 906 |
_a7 _bcbc _cpccadap _d2 _encip _f20 _gy-gencatlg |
||
| 942 |
_2ddc _cBK |
||